Catálogo de la Biblioteca Horacio González - Universidad Nacional de General Sarmiento

Los rubios (Registro nro. 54525)

Detalles MARC
000 -CABECERA
campo de control de longitud fija 01863ngm a22003970a 4500
001 - NÚMERO DE CONTROL
campo de control PT19331
003 - IDENTIFICADOR DEL NÚMERO DE CONTROL
campo de control AR-LpoUNG
005 - FECHA Y HORA DE LA ÚLTIMA TRANSACCIÓN
campo de control 20210408170803.0
007 - CAMPO FIJO DE DESCRIPCIÓN FÍSICA--INFORMACIÓN GENERAL
campo de control de longitud fija vd cvaizq
008 - DATOS DE LONGITUD FIJA--INFORMACIÓN GENERAL
campo de control de longitud fija 191001s2003||||ag |||||||||||||||||spa d
037 ## - FUENTE DE ADQUISICIÓN
Condiciones de disponibilidad $16.63
040 ## - FUENTE DE LA CATALOGACIÓN
Centro catalogador/agencia de origen AR-LpoUNG
Lengua de catalogación spa
Centro/agencia transcriptor AR-LpoUNG
Normas de descripción aacr
041 ## - CÓDIGO DE LENGUA
Código de lengua del texto/banda sonora o título independiente spa
044 ## - CÓDIGO DEL PAÍS DE LA ENTIDAD EDITORA/PRODUCTORA
Código MARC del país ag
082 0# - NÚMERO DE LA CLASIFICACIÓN DECIMAL DEWEY
Número de clasificación 982.065 316rub
100 1# - ENTRADA PRINCIPAL--NOMBRE DE PERSONA
Nombre de persona Carri, Albertina
Término indicativo de función/relación dir.
245 14 - MENCIÓN DE TÍTULO
Título Los rubios
260 ## - PUBLICACIÓN, DISTRIBUCIÓN, ETC.
Lugar de publicación, distribución, etc. Buenos Aires :
Nombre del editor, distribuidor, etc. Primer Plano Films,
Fecha de publicación, distribución, etc. 2003.
300 ## - DESCRIPCIÓN FÍSICA
Extensión VHS (89 min.) : son., col.
505 0# - NOTA DE CONTENIDO CON FORMATO
Nota de contenido con formato Hecha en 2003. - Intérpretes, Analía Couceyro. - Creditos : Guión, Albertina Carri; producción, Albertina Carri y Barry Ellsworth; producción ejecutiva, Pablo Wisznia; jefe de producción, Paola Pelzmajer; asistente de dirección, Marcelo Zanelli y Santiago Giralt; fotografía, Catalina Fernández; cámara, Carmen Torres y Albertina Carri; montaje, Alejandra Almirón; música, Gonzalo Córdoba; sonido, Jésica Suárez; temas musicales, Ryuchi Sakamoto y Charly García.
520 ## - SUMARIO, ETC.
Sumario, etc. La directora del film utiliza la cámara para revelar los hechos basados en la vida emocional de sus padres, desaparecidos y asesinados durante la dictadura argentina. Consigue testimonios de antiguos compañeros, viejas fotografias, y ella y su equipo se embarcan en una búsqueda a través de la geografía e historia de Buenos Aires, tratando de conseguir un profundo entendimiento acerca de lo acontecido.
650 #4 - PUNTO DE ACCESO ADICIONAL DE MATERIA--TÉRMINO DE MATERIA
Término de materia o nombre geográfico como elemento de entrada ARGENTINA
650 #4 - PUNTO DE ACCESO ADICIONAL DE MATERIA--TÉRMINO DE MATERIA
Término de materia o nombre geográfico como elemento de entrada ASPECTOS SOCIALES
650 #4 - PUNTO DE ACCESO ADICIONAL DE MATERIA--TÉRMINO DE MATERIA
Término de materia o nombre geográfico como elemento de entrada CONSECUENCIAS SOCIALES
650 #4 - PUNTO DE ACCESO ADICIONAL DE MATERIA--TÉRMINO DE MATERIA
Término de materia o nombre geográfico como elemento de entrada DICTADURA
650 #4 - PUNTO DE ACCESO ADICIONAL DE MATERIA--TÉRMINO DE MATERIA
Término de materia o nombre geográfico como elemento de entrada GOBIERNO MILITAR
651 #4 - PUNTO DE ACCESO ADICIONAL DE MATERIA--NOMBRE GEOGRÁFICO
Nombre geográfico Argentina
653 ## - TÉRMINO DE INDIZACIÓN--NO CONTROLADO
Término no controlado CINE ARGENTINO
653 ## - TÉRMINO DE INDIZACIÓN--NO CONTROLADO
Término no controlado REPRESION
653 ## - TÉRMINO DE INDIZACIÓN--NO CONTROLADO
Término no controlado VIDEOS
700 1# - PUNTO DE ACCESO ADICIONAL--NOMBRE DE PERSONA
Nombre de persona Ellsworth, Barry
Término indicativo de función/relación prod.
700 1# - PUNTO DE ACCESO ADICIONAL--NOMBRE DE PERSONA
Nombre de persona Fernández, Catalina
Término indicativo de función/relación fot.
700 1# - PUNTO DE ACCESO ADICIONAL--NOMBRE DE PERSONA
Nombre de persona Súarez, Jesica
Término indicativo de función/relación son.
905 ## - ELEMENTOS DE DATOS E LOCAL, LDE (RLIN)
a 19331
942 ## - ELEMENTOS DE PUNTO DE ACCESO ADICIONAL (KOHA)
Tipo de ítem Koha
Existencias
Estado de retiro Estado de pérdida Estado dañado No para préstamo Código de colección Localización permanente Ubicación/localización actual Fecha de adquisición Total de préstamos Signatura topográfica completa Código de barras Fecha visto por última vez Precio válido a partir de Tipo de ítem Koha
        Colección Cine Biblioteca Universidad Nacional de General Sarmiento Biblioteca Universidad Nacional de General Sarmiento 02/02/2021   982.065 316rub 00020838 02/02/2021 02/02/2021 Video